MARC
| LEADER | 00000nam a2200000 a 4500 | ||
|---|---|---|---|
| 001 | UCY7611 | ||
| 003 | CL-VaPUC | ||
| 008 | 950616e19880000CL |||||||||||||||||spa|d | ||
| 082 | 0 | 4 | |a Ch863 |b SCH |2 21 |
| 100 | 0 | |a Schkolnik, Saúl |e author |9 338211 | |
| 245 | 1 | 0 | |a Pie de flor |
| 300 | |a 14 p | ||
| 942 | |c BK | ||
| 945 | |d 19950616 00:00:00 |a mfernand | ||
| 260 | |a Santiago |b Alicanto |c 1988 | ||
| 650 | 0 | |a Cuentos infantiles chilenos |9 308784 | |
| 583 | |a last modification |c 19950616 00:00:00 |k Rodrigo Vera | ||
| 999 | |c 234946 |d 234944 | ||